aikoのアルバム収録曲 - Statistics

General Stats
  • This quiz has been taken 79 times
    68 since last reset
  • The average score is 30 of 190
Answer Stats
アルバム ID 曲名 % Correct
桜の木の下 02 花火
88%
桜の木の下 10 カブトムシ
88%
夏服 10 ボーイフレンド
69%
彼女 03 キラキラ
63%
時のシルエット 08 恋のスーパーボール
63%
BABY 04 Kisshug
63%
桜の木の下 03 桜の時
56%
夢の中のまっすぐな道 05 かばん
56%
夢の中のまっすぐな道 12 三国駅
56%
湿った夏のはじまり 03 ストロー
56%
BABY 03 milk
56%
小さな丸い好日 11 あした
50%
暁のラブレター 03 アンドロメダ
50%
秘密 02 二人
50%
彼女 14
50%
夏服 03 ロージー
44%
彼女 12 雲は白リンゴは赤
44%
秘密 05 横顔
44%
秘密 11 シアワセ
44%
泡のような愛だった 03 Loveletter
44%
小さな丸い好日 10 ナキ・ムシ
38%
夏服 11 初恋
38%
暁のラブレター 06 蝶々結び
38%
夢の中のまっすぐな道 11 花風
38%
彼女 10 スター
38%
秘密 06 秘密
38%
秘密 10 星のない世界
38%
BABY 11 戻れない明日
38%
BABY 12 あの子の夢
38%
BABY 01 beat
38%
小さな丸い好日 02 ジェット
31%
桜の木の下 01 愛の病
31%
秋 そばにいるよ 06 おやすみなさい
31%
秋 そばにいるよ 07 今度までには
31%
秋 そばにいるよ 09 あなたと握手
31%
暁のラブレター 10 えりあし
31%
BABY 02
31%
BABY 07 嘆きのキス
31%
BABY 14 トンネル
31%
時のシルエット 02 くちびる
31%
時のシルエット 12 ホーム
31%
時のシルエット 13 自転車
31%
湿った夏のはじまり 05 恋をしたのは
31%
夏服 01 飛行機
25%
時のシルエット 04 ずっと
25%
時のシルエット 05 向かいあわせ
25%
泡のような愛だった 01 明日の歌
25%
どうしたって伝えられないから 02 メロンソーダ
25%
どうしたって伝えられないから 06 青空
25%
今の二人をお互いが見てる 03 あかときリロード
25%
今の二人をお互いが見てる 06 食べた愛
25%
泡のような愛だった 07 4月の雨
25%
夏服 02 be master of life
25%
小さな丸い好日 06 イジワルな天使よ 世界を笑え!
19%
暁のラブレター 02 彼の落書き
19%
暁のラブレター 13 天の川
19%
彼女 01 シャッター
19%
彼女 13 ある日のひまわり
19%
May Dream 02 あたしの向こう
19%
May Dream 03 冷凍便
19%
May Dream 04 もっと
19%
May Dream 12 プラマイ
19%
湿った夏のはじまり 06 ドライブモード
19%
湿った夏のはじまり 09 予告
19%
湿った夏のはじまり 12 宇宙で息をして
19%
どうしたって伝えられないから 05 ハニーメモリー
19%
今の二人をお互いが見てる 01 荒れた唇は恋を失くす
19%
今の二人をお互いが見てる 02 ねがう夜
19%
今の二人をお互いが見てる 07 果てしない二人
19%
今の二人をお互いが見てる 12 夏恋のライフ
19%
どうしたって伝えられないから 07 磁石
19%
小さな丸い好日 04 歌姫
13%
桜の木の下 04 お薬
13%
夏服 09 アスパラ
13%
秋 そばにいるよ 02 赤いランプ
13%
彼女 02 気付かれないように
13%
彼女 05 深海冷蔵庫
13%
秘密 03 学校
13%
BABY 06 リズム
13%
時のシルエット 11 ドレミ
13%
泡のような愛だった 10 君の隣
13%
May Dream 06 夢見る隙間
13%
湿った夏のはじまり 08 夜空綺麗
13%
今の二人をお互いが見てる 04 ぶどうじゅーす
13%
今の二人をお互いが見てる 08 のぼせ
13%
今の二人をお互いが見てる 09 アップルパイ
13%
今の二人をお互いが見てる 13 玄関のあとで
13%
どうしたって伝えられないから 11 一人暮らし
13%
どうしたって伝えられないから 08 しらふの夢
13%
どうしたって伝えられないから 10 No.7
13%
桜の木の下 09 Power of Love
13%
夏服 07 September
13%
夢の中のまっすぐな道 10 Smooch!
13%
小さな丸い好日 01 オレンジな満月
6%
小さな丸い好日 05 赤い靴
6%
小さな丸い好日 07 恋堕ちる時
6%
小さな丸い好日 08 夏にマフラー
6%
小さな丸い好日 09 ボブ
6%
桜の木の下 05 二人の形
6%
桜の木の下 06 桃色
6%
桜の木の下 07 悪口
6%
桜の木の下 08 傷跡
6%
夏服 08 雨踏むオーバーオール
6%
秋 そばにいるよ 01 マント
6%
秋 そばにいるよ 04 陽と陰
6%
秋 そばにいるよ 05 鳩になりたい
6%
暁のラブレター 05 夢のダンス
6%
暁のラブレター 07 ライン
6%
暁のラブレター 08 帽子と水着と水平線
6%
夢の中のまっすぐな道 03 エナジー
6%
夢の中のまっすぐな道 06 恋の涙
6%
彼女 08 ひとりよがり
6%
彼女 09 あられ
6%
秘密 04 キョウモハレ
6%
秘密 08 星電話
6%
秘密 12 ウミウサギ
6%
秘密 13 約束
6%
BABY 05 夏が帰る
6%
時のシルエット 10 雨は止む
6%
泡のような愛だった 06 サイダー
6%
May Dream 01 何時何分
6%
湿った夏のはじまり 01 格好いいな
6%
湿った夏のはじまり 02 ハナガサイタ
6%
湿った夏のはじまり 07 愛は勝手
6%
湿った夏のはじまり 10 あたしのせい
6%
湿った夏のはじまり 11 うん。
6%
湿った夏のはじまり 13 だから
6%
どうしたって伝えられないから 01 ばいばーーい
6%
今の二人をお互いが見てる 05 さらば!
6%
今の二人をお互いが見てる 10 ワンツースリー
6%
どうしたって伝えられないから 03 シャワーとコンセント
6%
秋 そばにいるよ 10 相合傘(汗かきMix)
6%
今の二人をお互いが見てる 11 telepathy
6%
小さな丸い好日 03 私生活
0%
夏服 04 密かなさよならの仕方
0%
夏服 05 終わらない日々
0%
夏服 06 心日和
0%
秋 そばにいるよ 03 海の終わり
0%
秋 そばにいるよ 08 クローゼット
0%
秋 そばにいるよ 11 それだけ
0%
秋 そばにいるよ 12 木星
0%
秋 そばにいるよ 13 心に乙女
0%
暁のラブレター 01
0%
暁のラブレター 04 ふれていたい
0%
暁のラブレター 09 すべての夜
0%
暁のラブレター 11 白い服黒い服
0%
暁のラブレター 12 風招き
0%
夢の中のまっすぐな道 01 青い光
0%
夢の中のまっすぐな道 02 恋人同士
0%
夢の中のまっすぐな道 04 明日もいつも通りに
0%
夢の中のまっすぐな道 07 ビードロの夜
0%
夢の中のまっすぐな道 08 愛のしぐさ
0%
夢の中のまっすぐな道 09 ずっと近くに
0%
夢の中のまっすぐな道 13 星物語
0%
彼女 04 キスする前に
0%
彼女 07 その目に映して
0%
彼女 11 恋ひ明かす
0%
秘密 07 ハルとアキ
0%
秘密 09 恋道
0%
BABY 08 より道
0%
BABY 09 指先
0%
BABY 13 ヒカリ
0%
時のシルエット 03 白い道
0%
時のシルエット 06 冷たい嘘
0%
時のシルエット 07 運命
0%
時のシルエット 09 クラスメイト
0%
泡のような愛だった 02 染まる夢
0%
泡のような愛だった 04 あなたを連れて
0%
泡のような愛だった 05 距離
0%
泡のような愛だった 08 遊園地
0%
泡のような愛だった 09 透明ドロップ
0%
泡のような愛だった 11 大切な人
0%
泡のような愛だった 12 キスの息
0%
泡のような愛だった 13 卒業式
0%
May Dream 05 信号
0%
May Dream 07 愛だけは
0%
May Dream 08 好き嫌い
0%
May Dream 09 かけらの心
0%
May Dream 10 大切な今
0%
May Dream 11 合図
0%
May Dream 13 蒼い日
0%
湿った夏のはじまり 04 あなたは
0%
どうしたって伝えられないから 04 愛で僕は
0%
どうしたって伝えられないから 09 片想い
0%
どうしたって伝えられないから 13 いつもいる
0%
彼女 06 17の月
0%
時のシルエット 01 Aka
0%
どうしたって伝えられないから 12 Last
0%
BABY 10 Yellow
0%
秘密 01 You & Me both
0%
No matching quizzes found
Score Distribution
Percent of People with Each Score
Percentile by Number Answered
Your Score History
You have not taken this quiz since the last reset